Χάρτης της Ελλάδας Χωρίς 10 Π.Ε. - Statistics

General Stats
  • This quiz has been taken 4 times
  • The average score is 4 of 10
Answers on the Map
Answers color-coded by a green-red scale on the quiz's map according to % correct below.
 
Answer Stats
Περιφερειακή Ενότητα % Correct
Ευρυτανίας
100%
Ηλείας
100%
Θάσου
100%
Ιωαννίνων
100%
Καρδίτσας
100%
Λασιθίου
100%
Ξάνθης
100%
Ροδόπης
100%
Σποράδων
100%
Τρικάλων
100%
Θεσπρωτίας
50%
Κέρκυρας
50%
Άνδρου
0%
Άρτας
0%
Αγίου Όρους
0%
Αιτωλίας-Ακαρνανίας
0%
Ανατολικής Αττικής
0%
Αργολίδας
0%
Αρκαδίας
0%
Αχαΐας
0%
Βοιωτίας
0%
Βορείου Τομέα Αθηνών
0%
Γρεβενών
0%
Δράμας
0%
Δυτικής Αττικής
0%
Δυτικού Τομέα Αθηνών
0%
Έβρου
0%
Ευβοίας
0%
Ζακύνθου
0%
Ημαθίας
0%
Ηρακλείου
0%
Θήρας
0%
Θεσσαλονίκης
0%
Ιθάκης
0%
Ικαρίας
0%
Κέας-Κύθνου
0%
Καβάλας
0%
Καλύμνου
0%
Καρπάθου-Κάσου
0%
Καστοριάς
0%
Κεντρικού Τομέα Αθηνών
0%
Κεφαλληνίας
0%
Κιλκίς
0%
Κοζάνης
0%
Κορινθίας
0%
Κω
0%
Λάρισας
0%
Λέσβου
0%
Λήμνου
0%
Λακωνίας
0%
Λευκάδας
0%
Μήλου
0%
Μαγνησίας
0%
Μεσσηνίας
0%
Μυκόνου
0%
Νάξου
0%
Νήσων
0%
Νοτίου Τομέα Αθηνών
0%
Πάρου
0%
Πέλλας
0%
Πειραιώς
0%
Πιερίας
0%
Πρέβεζας
0%
Ρόδου
0%
Ρεθύμνης
0%
Σάμου
0%
Σύρου
0%
Σερρών
0%
Τήνου
0%
Φθιώτιδας
0%
Φλώρινας
0%
Φωκίδας
0%
Χίου
0%
Χαλκιδικής
0%
Χανίων
0%
No matching quizzes found
Score Distribution
Percent of People with Each Score
Percentile by Number Answered
Your Score History
You have not taken this quiz